Statistics for What country did this country get independence from

Click here to take the quiz!

General Stats

  • This quiz has been taken 57 times
  • The average score is 13 of 15

Answer Stats

HintAnswer% Correct
BrazilPortugal
100%
MexicoSpanish Empire
98%
AlgeriaFrench Empire
96%
USAGreat Britain
96%
South SudanSudan
94%
TexasMexican Empire
91%
SurinameThe Netherlands
91%
EritreaEthiopia
89%
DR CongoBelgium
87%
CroatiaYugoslavia
87%
BangladeshPakistan
85%
RussiaSoviet Union
81%
PanamaGran Colombia
77%
NamibiaSouth Africa
75%
South KoreaJapanese Empire
49%

Score Distribution

Percentile by Number Answered

Percent of People with Each Score

Your Score History

You have not taken this quiz